The American Vitruvius ; an architect's handbook of civic art /

Bibliographic Details
Main Author: Hegemann, Werner, 1881-1936
Other Authors: Peets, Elbert, 1886-1968
Format: Book
Language:English
Published: New York : The Architectural book publishing co., 1922.
Subjects:

MARC

Tag First Indicator Second Indicator Subfields
LEADER 00000cam a2200000 4500
001 in00000020979
005 20151007060924.0
008 760521s1922 nyuae b 00010 eng
010 |a  22012254  
035 |a (OCoLC)02187047 
035 |9 AAD0585AM 
040 |a DLC  |c TEU  |d TXA  |d UtOrBLW 
049 |a TXAS  |c [101352] 
050 0 |a NA9030  |b .H4 
090 |a NA9030  |b .H4 1922 
092 |a 710  |b H462a 
100 1 |a Hegemann, Werner,  |d 1881-1936. 
245 1 4 |a The American Vitruvius ;  |b an architect's handbook of civic art /  |c by Werner Hegemann and Elbert Peets. 
264 1 |a New York :  |b The Architectural book publishing co.,  |c 1922. 
300 |a vi, 298 pages including frontispiece, illustrations, plans. ;  |c 42 cm. 
336 |a text  |b txt  |2 rdacontent 
337 |a unmediated  |b n  |2 rdamedia 
338 |a volume  |b nc  |2 rdacarrier 
504 |a "List of books": page 294. 
505 0 |a The modern revival of civic art.--Plaza and court design in Europe.--The grouping of buildings in America.--Architectural street design.--Garden art as civic art.--City plans as unified designs.--The plan of Washington. 
650 0 |a Art, Municipal. 
650 0 |a City planning. 
700 1 |a Peets, Elbert,  |d 1886-1968. 
740 0 |a Civic art. 
999 |a MARS 
999 f f |s 7aca34f8-2a7b-3f3e-bc5a-079640b00285  |i f13f5264-5569-3007-b8f4-361833a6530b  |t 0 
952 f f |p noncirc  |a Texas A&M University  |b College Station  |c Cushing Memorial Library & Archives  |d Cushing: Rare Books (Does not check out)  |t 0  |e NA9030 .H4 1922  |f Oversize  |h Library of Congress classification  |i unmediated -- volume 
998 f f |a NA9030 .H4 1922  |t 0  |l Cushing: Rare Books (Does not check out)